|
|
|
|
| LEADER |
00977nam a2200253 a 4500 |
| 001 |
4924999 |
| 008 |
100124s1995 ii b 001 0 eng d |
| 010 |
|
|
|a 95019862
|
| 020 |
|
|
|a 0803992041 (U.S.)
|
| 020 |
|
|
|a 8170364329 (India)
|
| 040 |
|
|
|a DLC
|c DLC
|d DLC
|d DB-DhAAL
|
| 082 |
0 |
0 |
|a 301/.0954
|2 20
|
| 100 |
1 |
|
|a Oommen, T. K.,
|d 1937-
|
| 245 |
1 |
0 |
|a Alien concepts and South Asian reality :
|b responses and reformulations /
|c T.K. Oommen.
|
| 260 |
|
|
|a New Delhi ;
|a Thousand Oaks, Calif. :
|b Sage Pubications,
|c 1995.
|
| 300 |
|
|
|a 253 p. ;
|c 23 cm.
|
| 504 |
|
|
|a Includes bibliographical references (p. [236]-245) and index.
|
| 541 |
1 |
|
|e 00008196
|
| 650 |
|
0 |
|a Sociology
|z India.
|
| 650 |
|
0 |
|a Sociology
|x Methodology.
|
| 650 |
|
0 |
|a Sociology
|x Philosophy.
|
| 852 |
4 |
|
|a Ayesha Abed Library
|j General Shelf.
|
| 999 |
|
|
|c 7134
|d 7134
|
| 952 |
|
|
|0 0
|1 0
|2 ddc
|4 0
|6 301_095400000000000_OOM_1995
|7 0
|9 7409
|a BRACUL
|b BRACUL
|c GEN
|d 2010-01-24
|l 0
|o 301.0954 OOM
|p 3010008196
|r 2010-01-24
|t 1
|w 2010-01-24
|y BK
|